مكتبة جامعة عجلون الوطنية

فهرس بحث المكتبة

اثر تطبيق المعايير الاخلاقيه الصادرة عن هيئة المحاسبة والمراجعة للمؤسسات المالية الإسلامية (الأيوفي) على اداء العاملين في المصارف الاسلاميةThe impact of Ethical Standards Issurd by (AAOIFI) on the performance of jordanian Islamic Bank,s Staff / (Record no. 31262)

MARC details
000 -LEADER
fixed length control field 01350nam a2200241Ii 4500
003 - CONTROL NUMBER IDENTIFIER
control field JO-AjNU
005 - DATE AND TIME OF LATEST TRANSACTION
control field 20240625134458.0
008 - FIXED-LENGTH DATA ELEMENTS--GENERAL INFORMATION
fixed length control field 230605s9999||||xx |||||||||||||| ||und||
040 ## - CATALOGING SOURCE
Original cataloging agency JO-AjNU
Language of cataloging ara
Description conventions rda
Transcribing agency JO-AjNU
041 ## - LANGUAGE CODE
Language code of text/sound track or separate title ara
050 14 - LIBRARY OF CONGRESS CALL NUMBER
Classification number HG1707 2021
100 #1 - MAIN ENTRY--PERSONAL NAME
Personal name الخوالدة، عبدالله عواد
Relator term معد
9 (RLIN) 65670
245 00 - TITLE STATEMENT
Title اثر تطبيق المعايير الاخلاقيه الصادرة عن هيئة المحاسبة والمراجعة للمؤسسات المالية الإسلامية (الأيوفي) على اداء العاملين في المصارف الاسلاميةThe impact of Ethical Standards Issurd by (AAOIFI) on the performance of jordanian Islamic Bank,s Staff /
Statement of responsibility, etc. اعداد عبدالله عواد الخوالده؛ اشراف فخري خليل ابو صفية
264 31 - PRODUCTION, PUBLICATION, DISTRIBUTION, MANUFACTURE, AND COPYRIGHT NOTICE
Place of production, publication, distribution, manufacture 2021
300 ## - PHYSICAL DESCRIPTION
Extent 106 ورقة
336 ## - CONTENT TYPE
Content type term text
Content type code txt
Source rdacontent
337 ## - MEDIA TYPE
Media type term unmediated
Media type code n
Source rdamedia
338 ## - CARRIER TYPE
Carrier type term volume
Carrier type code nc
Source rdacarrier
500 ## - GENERAL NOTE
General note رسالة جامعية(اطروحة ماجستير) تخصص المصارف الاسلامية /كلية ادارة الاعمال جامعة عجلون الوطنية، 2021
650 #4 - SUBJECT ADDED ENTRY--TOPICAL TERM
Topical term or geographic name entry element هيئة المحاسبة -المصارف الالسلامية
9 (RLIN) 61287
700 #1 - ADDED ENTRY--PERSONAL NAME
Personal name ابو صفية، فخري خليل
Relator term مشرف
9 (RLIN) 65514
942 ## - ADDED ENTRY ELEMENTS (KOHA)
Source of classification or shelving scheme Library of Congress Classification
Koha item type Thesis
Holdings
Withdrawn status Lost status Source of classification or shelving scheme Damaged status Not for loan Home library Current library Shelving location Date acquired Total Checkouts Full call number Barcode Date last seen Price effective from Koha item type
    Library of Congress Classification     مكتبة جامعة عجلون الوطنية مكتبة جامعة عجلون الوطنية المراجع 06/06/2023   HG1707 2021 A27694 06/06/2023 06/06/2023 Thesis
    Library of Congress Classification     مكتبة جامعة عجلون الوطنية مكتبة جامعة عجلون الوطنية   25/06/2024   HG1707 2021 a27695 25/06/2024 25/06/2024 Thesis